000 00591nam a2200217Ia 4500
003 OSt
005 20250814122943.0
008 210210b1994 xxu||||| |||| 00| 0 eng d
040 _cAL
041 _aKannada
082 _aK894.109 NARV
100 _aNARAYANA (P V).
_dನಾರಾಯಣ (ಪಿ ವಿ)
_9218462
245 _aVachana parisara.
_b ವಚನ ಪರಿಸರ
260 _aBengaluru
_bTangali
_c1994
300 _aviii,444
650 _aVachana
_9218463
650 _aparisara.
_9218464
690 _aKannada Poetry Criticism
_9218465
906 _a049495
942 _2ddc
_cBK
999 _c98561
_d98561